UM Logo

Psychological Affordances Help Explain Where a Self-Transcendent Purpose Intervention Improves Performance / (Record no. 24391)

MARC details
000 -LEADER
fixed length control field 01127nam a22002417a 4500
003 - CONTROL NUMBER IDENTIFIER
control field OSt
005 - DATE AND TIME OF LATEST TRANSACTION
control field 20260302195411.0
008 - FIXED-LENGTH DATA ELEMENTS--GENERAL INFORMATION
fixed length control field 260302b |||||||| |||| 00| 0 eng d
040 ## - CATALOGING SOURCE
Transcribing agency 0
082 ## - DEWEY DECIMAL CLASSIFICATION NUMBER
Edition number DPer 155.205 J826 January-February 2021 v. 120 n. 1-2
100 ## - MAIN ENTRY--PERSONAL NAME
Personal name Reeves, Stephanie L.
Relator term author.
9 (RLIN) 59106
245 ## - TITLE STATEMENT
Title Psychological Affordances Help Explain Where a Self-Transcendent Purpose Intervention Improves Performance /
Statement of responsibility, etc. Stephanie L. Reeves, Marlone D. Henderson, Geoffrey L. Cohen, Rebecca R. Steingut, Quinn Hirschi, and David S. Yeager.
260 ## - PUBLICATION, DISTRIBUTION, ETC. (IMPRINT)
Place of publication, distribution, etc. Washington ;
Name of publisher, distributor, etc. American Psychological Association ,
Date of publication, distribution, etc. January 2021.
300 ## - PHYSICAL DESCRIPTION
Extent Volume 120, pages 1-15 :
Other physical details illustration ;
Dimensions 28 cm.
500 ## - GENERAL NOTE
General note Journal of Personality and Social Psychology, vol. 120, no. 1, pages 1-15, January 2021.
700 ## - ADDED ENTRY--PERSONAL NAME
Personal name Reeves, Stephanie L.
Relator term author.
9 (RLIN) 59106
700 ## - ADDED ENTRY--PERSONAL NAME
Personal name Henderson, Marlone D.
Relator term author.
9 (RLIN) 69897
700 ## - ADDED ENTRY--PERSONAL NAME
Personal name Cohen, Geoffrey L.
Relator term author.
9 (RLIN) 59102
700 ## - ADDED ENTRY--PERSONAL NAME
Personal name Steingut, Rebecca R.
Relator term author.
9 (RLIN) 69898
700 ## - ADDED ENTRY--PERSONAL NAME
Personal name Hirschi, Quinn
Relator term author.
9 (RLIN) 69899
700 ## - ADDED ENTRY--PERSONAL NAME
Personal name Yeager, David S.
Relator term author.
9 (RLIN) 69900
942 ## - ADDED ENTRY ELEMENTS (KOHA)
Source of classification or shelving scheme Dewey Decimal Classification
Koha item type Periodicals
Holdings
Withdrawn status Lost status Source of classification or shelving scheme Damaged status Not for loan Home library Current library Date acquired Total Checkouts Date last seen Price effective from Koha item type
    Dewey Decimal Classification     UM Digos College - LIC UM Digos College - LIC 03/02/2026   03/02/2026 03/02/2026 Periodicals